Texas 70 ; an index to selected Texas periodicals /

Bibliographic Details
Main Author: McMurrey, Katherine M.
Other Authors: Shelton, Brenda
Format: Book
Language:English
Published: Austin : Texas Reader Service, [1971]
Subjects:

MARC

Tag First Indicator Second Indicator Subfields
LEADER 00000cam a2200000 4500
001 in00000658705
005 20190207094830.0
008 710712s1971 txu i 00010 eng
010 |a  70025994  
035 |a (OCoLC)00149338 
035 |9 ACW5570AM 
040 |a DLC  |c DLC  |d TXA  |d UtOrBLW 
043 |a n-us-tx 
049 |a TXAM [Also in] [Ref] [Also in] [Sp Coll]  |c 1 [1901105], 2 [1091107]  |a TXAS  |c 3 [1901108]  |a TXAF  |c 4 [1091106] 
050 0 0 |a Z1339  |b .M3 
082 0 |a 016.91764 
090 |a F381  |b .M3 
100 1 |a McMurrey, Katherine M. 
245 1 0 |a Texas 70 ;  |b an index to selected Texas periodicals /  |c Katherine M. McMurrey, editor [and] Brenda Shelton, associate editor. 
264 1 |a Austin :  |b Texas Reader Service,  |c [1971] 
300 |a xxii, 152 pages ;  |c 28 cm. 
336 |a text  |b txt  |2 rdacontent 
337 |a unmediated  |b n  |2 rdamedia 
338 |a volume  |b nc  |2 rdacarrier 
500 |a The Cushing Library/Chapman Texas Collection copy is part of the Floyd & Louise Chapman Texas & Borderlands Collection.  |5 TXA 
651 0 |a Texas  |x Periodicals  |x Indexes. 
700 1 |a Shelton, Brenda. 
999 |a MARS 
999 f f |s a29f7fe0-3d7a-3ef2-a945-41591aa619a9  |i cd14f28b-b1d9-3f3c-a006-69a48b136280  |t 0 
952 f f |p ric  |a Texas A&M University  |b Rellis Campus  |c Joint Library Facility  |s JLF  |d Remote Storage  |t 0  |e Z1339 .M3  |h Library of Congress classification  |i unmediated -- volume  |m A14805763993 
952 f f |p noncirc  |a Texas A&M University  |b College Station  |c Cushing Memorial Library & Archives  |s cush txas  |d Cushing: Chapman Texas Collection (Does not check out)  |t 0  |e Z1339 .M3  |h Library of Congress classification  |i unmediated -- volume  |m A14800484544 
952 f f |p ric  |a Texas A&M University  |b Rellis Campus  |c Joint Library Facility  |s JLF  |d Remote Storage  |t 0  |e F381 .M3  |h Library of Congress classification  |i unmediated -- volume  |m A14826871141 
998 f f |a F381 .M3  |t 0  |l Remote Storage 
998 f f |a Z1339 .M3  |t 0  |l Remote Storage 
998 f f |a Z1339 .M3  |t 0  |l Cushing: Chapman Texas Collection (Does not check out)